The calligraphy source book : a book of lettering

Bibliographic Details
Format: Book
Published: S.l : A&C Black Ltd , 19--
Subjects:

MARC

LEADER 00000cam a2200000 7i4500
001 0000006484
002 000006996
005 20000330.0
020 |a 1854224468 
090 0 0 |a 745.61   |b ROB 
100 0
245 1 4 |a The calligraphy source book :   |b a book of lettering   |c Jean K.Robertson 
260 |a S.l :   |b A&C Black Ltd ,   |c 19-- 
300 |a 48p. ;   |c 23cm. 
650 0 0 |a Calligraphy 
999 |a 038042   |b BUKU   |c PINJAMAN   |e PERPUSTAKAAN KOMUNITI PETALING JAYA 
999 |a 0388042   |b BUKU   |c PINJAMAN   |e PERPUSTAKAAN KOMUNITI PETALING JAYA